Paroles Tu N'es Qu'un Amateur Aladdin Le Retour de Jafar - Statistiques

Statistiques générales
  • Ce quiz a été pris 5 fois
  • Le résultat moyen est 222 sur 245
Statistiques - réponses
Paroles % Correct
a
100%
à
100%
Abracadabra,
100%
admettre
100%
amateur.
100%
amateur,
100%
amusants,
100%
Au
100%
aujourd'hui
100%
bas
100%
ça
100%
cartes!
100%
chapeau!
100%
clown,
100%
coup
100%
de
100%
des
100%
devant
100%
doigt !
100%
dois
100%
du
100%
d'un
100%
éclair,
100%
électrocute-moi,
100%
en
100%
enfer,
100%
es
100%
Et
100%
faire
100%
folie
100%
fond
100%
frousse
100%
grand
100%
grandeurs
100%
Grand-Mère
100%
guerre
100%
hauteur
100%
hauteur,
100%
Jafar Je
100%
je
100%
la
100%
lapin
100%
le
100%
les
100%
l'Himalaya,
100%
ma
100%
Mais
100%
mais
100%
mauvais
100%
me
100%
moi
100%
moi !
100%
mon
100%
montre
100%
ne
100%
Ne
100%
n'es
100%
n'est
100%
numéro
100%
par
100%
parie
100%
pas
100%
pas !
100%
peau,
100%
perdant!
100%
petit
100%
petits
100%
peux
100%
plus
100%
pouce !
100%
pour
100%
prend
100%
prends
100%
pyjama !
100%
que
100%
Quel
100%
Quelle
100%
qui
100%
qu'il
100%
qu'un
100%
retourner
100%
réverbère,
100%
sont
100%
sous
100%
suis
100%
ta
100%
Ta
100%
t'attrapera,
100%
te
100%
tes
100%
Tes
100%
ton
100%
tonneau
100%
tours
100%
Tu
100%
tu
100%
un
100%
Vas-y
100%
voit
100%
voudrais
100%
y
100%
assiette !
67%
caisse,
67%
casses
67%
ce
67%
cercueil !
67%
cesse
67%
coco !
67%
continue
67%
convaincu
67%
couteaux !
67%
dans
67%
deuil !
67%
Dieu !
67%
dis
67%
duel
67%
écrase
67%
efficaces,
67%
effroi
67%
faut
67%
ferais,
67%
gâteau !
67%
invaincu
67%
jusqu'au
67%
lève
67%
mate
67%
mathématiques,
67%
matous
67%
mécanique,
67%
m'embête !
67%
Notre
67%
orgeuilleux
67%
panique
67%
passe
67%
percé
67%
perdre
67%
quand
67%
rester
67%
sa
67%
Sans
67%
sans
67%
sauverais
67%
se
67%
sera
67%
Si
67%
si
67%
t'amadoue
67%
tigre,
67%
tous
67%
trembler
67%
très
67%
vous
67%
branche-moi,
33%
comprends
33%
étonne-moi
33%
J'ai
33%
m'inquiète,
33%
perdu
33%
Zabacabadabra !
0%
Aucun quiz correspondant
Distribution des résultats
% des personnes avec chaque résultat
Percentile par nombre de réponses
Votre historique - résultats
Vous n’avez pas pris ce quiz